000 00873nam a22002295i 4500
001 170577
003 ES-MaACL
005 20260206134220.0
008 090320s1920 sp |||| | spa d
080 _a94(72)"1910/46"
100 1 _aBlasco Ibáñez, Vicente,
_d1867-1928
_929388
245 1 3 _aEl militarismo mejicano
_b: estudios publicados en los principales diarios de los Estados Unidos /
_cVicente Blasco Ibáñez.
260 _aValencia :
_bPrometeo,
_c[1920]
300 _a250 p. ;
_c19 cm.
530 _aDisponible en formato digital.
600 1 4 _aCarranza, Venustiano,
_d1859-1920
_935508
651 _aMéxico-
_xHistoria-
_y1910-1917, Revolución armada.
_9151495
852 _aES-MaACL
_jB-6028
_cSPB
856 4 _uhttp://bdh-rd.bne.es/viewer.vm?id=0000107162&page=1
_yBiblioteca Digital Hispánica
942 _2udc
999 _c170577
_d170577